000 00647nam a2200253Ia 4500
005 20260121153809.0
008 008 260114s9999 xx 000 0 eng d
020 _a9781410604460
037 _aEBOOK
040 _aCRL
040 _beng
040 _cCRL
041 _2eng
041 _aeng
084 _qCRL
100 _aMichael L. Kamil; Peter B. Mosenthal; Rebecca Barr; P. David Pearson
_9999246
245 0 _aMethods of Literacy Research
260 _bTaylor and Francis
260 _c2002
856 _uhttp://www.taylorfrancis.com/books/9781410604460
942 _cEBOOK
999 _c1566067
_d1566067